000
00279nam a22001337a 4500
008
181012b xxu||||| |||| 00| 0 eng d
020
_a
0253206049
041
_a
eng
080
_a
321
100
_a
19
101
_a
SHP
245
_a
Camera Politica
_c
Ryan, M
942
_2
udc
_c
BK
999
_c
49599
_d
49599